Statistics of hours and wages in the principal mining and manufacturing industries, incluing building and construction, and in agriculture. (Record no. 36254)

MARC details
000 -LEADER
fixed length control field 00958cam a22002531 4500
001 - CONTROL NUMBER
control field l 38000072
003 - CONTROL NUMBER IDENTIFIER
control field DLC
005 - DATE AND TIME OF LATEST TRANSACTION
control field 20260227111536.0
008 - FIXED-LENGTH DATA ELEMENTS--GENERAL INFORMATION
fixed length control field 780407s1938 sz 000 0 eng c
010 ## - LIBRARY OF CONGRESS CONTROL NUMBER
LC control number l 38000072
035 ## - SYSTEM CONTROL NUMBER
System control number (OCoLC)3788925
040 ## - CATALOGING SOURCE
Original cataloging agency U. S. Dept. of Labor. Libr.
Transcribing agency CCC
Modifying agency DLC
042 ## - AUTHENTICATION CODE
Authentication code premarc
050 00 - LIBRARY OF CONGRESS CALL NUMBER
Classification number HD4906
Item number .I65 1938
082 ## - DEWEY DECIMAL CLASSIFICATION NUMBER
Classification number 331.2
110 2# - MAIN ENTRY--CORPORATE NAME
Corporate name or jurisdiction name as entry element International Labour Office
245 10 - TITLE STATEMENT
Title Statistics of hours and wages in the principal mining and manufacturing industries, incluing building and construction, and in agriculture.
Statement of responsibility, etc. Sixth item on the agenda.
260 ## - PUBLICATION, DISTRIBUTION, ETC.
Place of publication, distribution, etc. Geneva,
Name of publisher, distributor, etc. International Labour Office,
Date of publication, distribution, etc. 1938.
300 ## - PHYSICAL DESCRIPTION
Extent 113 p.
Dimensions 24 cm.
500 ## - GENERAL NOTE
General note At head of title: Report VI. International Labour Conference. Twenty-fourth session, Geneva, 1938.
650 #0 - SUBJECT ADDED ENTRY--TOPICAL TERM
Topical term or geographic name entry element Wages
Form subdivision Statistics.
650 #0 - SUBJECT ADDED ENTRY--TOPICAL TERM
Topical term or geographic name entry element Hours of labor
Form subdivision Statistics.
711 2# - ADDED ENTRY--MEETING NAME
Meeting name or jurisdiction name as entry element International Labor Conference
Number of part/section/meeting (24th :
Date of meeting or treaty signing 1938 :
Location of meeting Geneva)

No items available.

Powered by Koha